| 000 | 00642nam a2200193 a 4500 | ||
|---|---|---|---|
| 005 | 20210223123701.0 | ||
| 008 | 991125s1971 mx 000 0 spa u | ||
| 035 | _aUPN01000057949 | ||
| 049 | _aCG | ||
| 050 | 4 |
_aLB1043 _bM3.38 no.10 |
|
| 100 | 1 | _aSloan, Robert | |
| 245 | 1 | 0 |
_aUso de la grabadora en el aula / _credactado por Robert Sloan Jr. ; diseñado e il. por Luis G. Santoyo ; tr. Ramón Palazón. |
| 260 |
_aMéxico : _bPax-México, _c1971. |
||
| 300 |
_a63 p. : _bil. |
||
| 440 | 0 |
_aMateriales audiovisuales ; _v10 |
|
| 650 | 4 |
_aAPARATOS AUDIOVISUALES _9230 |
|
| 650 | 4 |
_aSONIDO - _vGRABACION Y REPRODUCCION _921430 |
|
| 905 | _aLibro | ||
| 999 |
_c57949 _d57949 |
||